Bordering Countries by Country Shape #5 - Statistics

General Stats
  • This quiz has been taken 127 times
  • The average score is 8 of 8
Answer Stats
Country % Correct
Germany
99%
Slovakia
98%
Switzerland
98%
Hungary
97%
Italy
97%
Czech Republic
96%
Liechtenstein
94%
Slovenia
94%
No matching quizzes found
Score Distribution
Percent of People with Each Score
Percentile by Number Answered
Your Score History
You have not taken this quiz